00606nam a2200169Ia 4500008004100000020001500041041001200056082001600068100001800084245008900102260003300191300000900224650001200233942000700245999001500252952016900267221030s9999 xx 000 0 und d a818501583X aEnglish a105.23bFey aR. P. Feynman 0aFeynman Lectures on Physics Mainly Elctromagnetism & Matter Vol IIcby R. P. Feynman bNarosa Pub.aNew Delhic1997 a1396 aPhysics cBK c1173d1173 pBE 120g195.00l0o105.23 Feyr2024-06-13 00:00:00w2022-10-30yBK003Print4070aMIETLIBbMIETLIBcBL-Academic Block C, FL-2, CUP-8, SH-3, R-3d1998-12-1710HBE